Islam - Batailles et conquêtes musulmanes - Statistiques

Statistiques générales
  • Ce quiz a été pris 616 fois
  • Le résultat moyen est 7 sur 34
Statistiques - réponses
Question Réponse % Correct
Quelle est la première bataille des musulmans ? Bataille de Badr
84%
Sous quel calife la ville de Jérusalem fut conquise en 638 ? Omar ibn al Khattab
57%
Quel compagnon dirigea les troupes musulmanes lors de cette bataille ? Khalid ibn al-Walid
40%
Quel héros musulman reconquiert Jérusalem ? Saladin el Ayoubi
33%
Quelle était la capitale d'Al Andalus (Espagne musulmane) ? Cordoue
32%
Comment appelle t-on le mouvement de reconquête de l'Espagne musulmane par les Chrétiens ? La reconquista
31%
Combien y a t-il eu de croisades entre 1095 et 1270 ? 8
28%
En quelle année la France envahit-elle l'Algérie ? 1830
26%
Quel était ce royaume ? Grenade
26%
Quel empereur Ottoman a conquis Constantinople ? Mehmed II
25%
Quel héros Algérien a dirigé la résistance jusqu'en 1847 L'émir Abdelkader
24%
En quelle année ? 1453
23%
En quelle année le dernier royaume musulman d'Espagne fut conquis par les Chrétiens ? 1492
23%
En quelle année eu lieu la bataille de Poitier opposant Charles Martel aux troupes musulmanes ? 732
22%
Lors de quelle bataille les musulmans ont défait les troupes Byzantines d'Héraclius en 636 ? Bataille du Yarmouk
22%
Quel Sultan Ottoman s'empare de la Serbie puis de la Hongrie en 1521 et assiège Vienne en 1529 ? Soliman le magnifique
22%
Quel roi de France emprisonné par Charles Quint demanda de l'aide à ce dernier ? François 1er
19%
Quel général d'origine berbère a mené la conquête de l'Espagne en 711 ? Le détroit de Gibraltar porte son nom. Tariq ibn Ziyad
19%
En quelle année eu lieu la première croisade ? 1095
18%
Quelle ville a t-il fondé au Maghreb où il a bâti une mosquée encore debout aujourd'hui ? Kairouan
18%
Qui sont les corsaires de la régence d'Alger qui prêtèrent allégeance au sultan Ottoman ? Barberousse
15%
Quel compagnon dirigea les troupes musulmanes lors de la conquête d'Egypte à partir de 639 ? Amr ibn al-As
14%
Quel pape en est à l'origine ? Urbain II
14%
Lors de quelle bataille l'Espagne, la papauté, Venise et l'ordre de Malte infligèrent à la flotte Ottomane une sévère défaite navale? Bataille de Lépante
13%
Quel homme est le symbole de la résistance marocaine face à la France et l'Espagne ? Il proclama la république du Rif entre 1921 et 1926. Abdelkrim el-Khattabi.
12%
Comment s'appelle la bataille qui permit à ce dernier de reconquérir Jérusalem ? Bataille de Hattin
11%
Entre 1516 et 1517, quel sultan Ottoman s'empare de la Syrie, de l'Egypte et de la Mecques ? Selim 1er
10%
En quelle année ? 1187
9%
Quel compagnon dirigea les troupes musulmanes lors de cette bataille ? Sa`d ibn Abi Waqqas
9%
En quelle année eu lieu cette bataille ? 1571
8%
Lors de quelle bataille les musulmans ont défait les troupes de l'empire Perse sassanide en 636 ? Bataille d'al Qadisiyya
8%
Quel général a mené la conquête musulmane du Maghreb à partir de 670 ? Oqba Ibn Nafi
8%
Qui fut le premier souverain Franc de Jérusalem suite à la conquête des croisés en 1099 ? Godefroy de Bouillon
7%
Quel général Mamelouk repousse l'invasion Mongol lors de bataille d'Aïn Djalout en 1260 ? Seyfeddine Qutuz
3%
Aucun quiz correspondant
Distribution des résultats
% des personnes avec chaque résultat
Percentile par nombre de réponses
Votre historique - résultats
Vous n’avez pas pris ce quiz